<?xml version="1.0" encoding="UTF-8"?>
<record
    xmlns:xsi="http://www.w3.org/2001/XMLSchema-instance"
    xsi:schemaLocation="http://www.loc.gov/MARC21/slim http://www.loc.gov/standards/marcxml/schema/MARC21slim.xsd"
    xmlns="http://www.loc.gov/MARC21/slim">

  <leader>01030nam a22002297a 4500</leader>
  <datafield tag="010" ind1=" " ind2=" ">
    <subfield code="a">A-945804</subfield>
  </datafield>
  <datafield tag="020" ind1=" " ind2=" ">
    <subfield code="a">8170189802(Set)</subfield>
    <subfield code="c">225</subfield>
  </datafield>
  <datafield tag="035" ind1=" " ind2=" ">
    <subfield code="a">A-945804</subfield>
  </datafield>
  <datafield tag="037" ind1=" " ind2=" ">
    <subfield code="a">Cen Lib / Ret</subfield>
  </datafield>
  <datafield tag="040" ind1=" " ind2=" ">
    <subfield code="a">DPL</subfield>
    <subfield code="b">EN</subfield>
  </datafield>
  <datafield tag="082" ind1=" " ind2=" ">
    <subfield code="a">954</subfield>
    <subfield code="b">IND</subfield>
  </datafield>
  <datafield tag="100" ind1=" " ind2=" ">
    <subfield code="a">Samanta, R. K.</subfield>
  </datafield>
  <datafield tag="245" ind1=" " ind2=" ">
    <subfield code="a">India 50 years of independence 1947-97 :</subfield>
    <subfield code="b">status, growth and development /</subfield>
    <subfield code="c">by R. K. Samanta and M. R. Hegde </subfield>
  </datafield>
  <datafield tag="260" ind1=" " ind2=" ">
    <subfield code="a">Delhi</subfield>
    <subfield code="b">B.R Publishing Corporatoin</subfield>
    <subfield code="c">1998</subfield>
  </datafield>
  <datafield tag="270" ind1=" " ind2=" ">
    <subfield code="a">1 Ansari Road Darya Ganj </subfield>
    <subfield code="b">New Delhi</subfield>
    <subfield code="e">110002</subfield>
  </datafield>
  <datafield tag="300" ind1=" " ind2=" ">
    <subfield code="a">( v 1. 200 ; v 2. xv, 158 ; v 3. 156 ; v 4. 257 ; v 5. 253p. ; v 6. 212 ; v 7. 206 ; v 8. 129 ; v 9. vii, 157)</subfield>
    <subfield code="b">24cm(Hb)</subfield>
  </datafield>
  <datafield tag="505" ind1=" " ind2=" ">
    <subfield code="a">v 1. Chronology of Important events ; v 2. Agriculture ; v 3. Ayurveda ; v 4. External trade ; v 5. Education ; v 6. Buddhism ; v 7. Women writers literary interviews ; v 8. Architecture ; v 9. Publishing)</subfield>
  </datafield>
  <datafield tag="650" ind1=" " ind2=" ">
    <subfield code="a">India -- Independence </subfield>
  </datafield>
  <datafield tag="650" ind1=" " ind2=" ">
    <subfield code="a">India -- Growth and Development </subfield>
  </datafield>
  <datafield tag="700" ind1=" " ind2=" ">
    <subfield code="a">Hegde, M. R.  </subfield>
  </datafield>
  <datafield tag="942" ind1=" " ind2=" ">
    <subfield code="2">ddc</subfield>
    <subfield code="c">EN</subfield>
    <subfield code="h">954</subfield>
    <subfield code="m">IND</subfield>
  </datafield>
  <datafield tag="999" ind1=" " ind2=" ">
    <subfield code="c">136402</subfield>
    <subfield code="d">136402</subfield>
  </datafield>
  <datafield tag="952" ind1=" " ind2=" ">
    <subfield code="0">0</subfield>
    <subfield code="1">0</subfield>
    <subfield code="3">v 5</subfield>
    <subfield code="4">0</subfield>
    <subfield code="7">1</subfield>
    <subfield code="8">REF</subfield>
    <subfield code="a">L</subfield>
    <subfield code="b">L</subfield>
    <subfield code="d">2016-03-01</subfield>
    <subfield code="e">Cen Lib/Ret</subfield>
    <subfield code="g">325.00</subfield>
    <subfield code="l">0</subfield>
    <subfield code="o">954 IND</subfield>
    <subfield code="p">A-945807</subfield>
    <subfield code="r">2016-03-01 00:00:00</subfield>
    <subfield code="t">5</subfield>
    <subfield code="v">325.00</subfield>
    <subfield code="w">2016-03-01</subfield>
    <subfield code="y">EN</subfield>
  </datafield>
  <datafield tag="952" ind1=" " ind2=" ">
    <subfield code="0">0</subfield>
    <subfield code="1">0</subfield>
    <subfield code="3">v 4</subfield>
    <subfield code="4">0</subfield>
    <subfield code="7">1</subfield>
    <subfield code="8">REF</subfield>
    <subfield code="a">L</subfield>
    <subfield code="b">L</subfield>
    <subfield code="d">2016-03-01</subfield>
    <subfield code="e">Cen Lib/Ret</subfield>
    <subfield code="g">325.00</subfield>
    <subfield code="l">0</subfield>
    <subfield code="o">954 IND</subfield>
    <subfield code="p">A-945806</subfield>
    <subfield code="r">2016-03-01 00:00:00</subfield>
    <subfield code="t">4</subfield>
    <subfield code="v">325.00</subfield>
    <subfield code="w">2016-03-01</subfield>
    <subfield code="y">EN</subfield>
  </datafield>
  <datafield tag="952" ind1=" " ind2=" ">
    <subfield code="0">0</subfield>
    <subfield code="1">0</subfield>
    <subfield code="3">v 3</subfield>
    <subfield code="4">0</subfield>
    <subfield code="7">1</subfield>
    <subfield code="8">REF</subfield>
    <subfield code="a">L</subfield>
    <subfield code="b">L</subfield>
    <subfield code="d">2016-03-01</subfield>
    <subfield code="e">Cen Lib/Ret</subfield>
    <subfield code="g">325.00</subfield>
    <subfield code="l">0</subfield>
    <subfield code="o">954 IND</subfield>
    <subfield code="p">A-945805</subfield>
    <subfield code="r">2016-03-01 00:00:00</subfield>
    <subfield code="t">3</subfield>
    <subfield code="v">325.00</subfield>
    <subfield code="w">2016-03-01</subfield>
    <subfield code="y">EN</subfield>
  </datafield>
  <datafield tag="952" ind1=" " ind2=" ">
    <subfield code="0">0</subfield>
    <subfield code="1">0</subfield>
    <subfield code="3">v 2</subfield>
    <subfield code="4">0</subfield>
    <subfield code="7">1</subfield>
    <subfield code="8">REF</subfield>
    <subfield code="a">L</subfield>
    <subfield code="b">L</subfield>
    <subfield code="d">2016-03-01</subfield>
    <subfield code="e">Cen Lib/Ret</subfield>
    <subfield code="g">325.00</subfield>
    <subfield code="l">0</subfield>
    <subfield code="o">954 IND</subfield>
    <subfield code="p">A-945804</subfield>
    <subfield code="r">2016-03-01 00:00:00</subfield>
    <subfield code="t">2</subfield>
    <subfield code="v">325.00</subfield>
    <subfield code="w">2016-03-01</subfield>
    <subfield code="y">EN</subfield>
  </datafield>
  <datafield tag="952" ind1=" " ind2=" ">
    <subfield code="0">0</subfield>
    <subfield code="1">0</subfield>
    <subfield code="3">v 7</subfield>
    <subfield code="4">0</subfield>
    <subfield code="7">1</subfield>
    <subfield code="8">REF</subfield>
    <subfield code="a">L</subfield>
    <subfield code="b">L</subfield>
    <subfield code="d">2016-03-01</subfield>
    <subfield code="e">Cen Lib/Ret</subfield>
    <subfield code="g">250.00</subfield>
    <subfield code="l">0</subfield>
    <subfield code="o">954 IND</subfield>
    <subfield code="p">A-945809</subfield>
    <subfield code="r">2016-03-01 00:00:00</subfield>
    <subfield code="t">7</subfield>
    <subfield code="v">360.00</subfield>
    <subfield code="w">2016-03-01</subfield>
    <subfield code="y">EN</subfield>
  </datafield>
  <datafield tag="952" ind1=" " ind2=" ">
    <subfield code="0">0</subfield>
    <subfield code="1">0</subfield>
    <subfield code="3">v 6</subfield>
    <subfield code="4">0</subfield>
    <subfield code="7">1</subfield>
    <subfield code="8">REF</subfield>
    <subfield code="a">L</subfield>
    <subfield code="b">L</subfield>
    <subfield code="d">2016-03-01</subfield>
    <subfield code="e">Cen Lib/Ret</subfield>
    <subfield code="g">250.00</subfield>
    <subfield code="l">0</subfield>
    <subfield code="o">954 IND</subfield>
    <subfield code="p">A-945808</subfield>
    <subfield code="r">2016-03-01 00:00:00</subfield>
    <subfield code="t">6</subfield>
    <subfield code="v">250.00</subfield>
    <subfield code="w">2016-03-01</subfield>
    <subfield code="y">EN</subfield>
  </datafield>
  <datafield tag="952" ind1=" " ind2=" ">
    <subfield code="0">0</subfield>
    <subfield code="1">0</subfield>
    <subfield code="3">v 9</subfield>
    <subfield code="4">0</subfield>
    <subfield code="7">1</subfield>
    <subfield code="8">REF</subfield>
    <subfield code="a">L</subfield>
    <subfield code="b">L</subfield>
    <subfield code="d">2016-03-05</subfield>
    <subfield code="e">Cen Lib/Ret</subfield>
    <subfield code="g">250.00</subfield>
    <subfield code="l">0</subfield>
    <subfield code="o">954 IND</subfield>
    <subfield code="p">A-945811</subfield>
    <subfield code="r">2016-03-05 00:00:00</subfield>
    <subfield code="v">250.00</subfield>
    <subfield code="w">2016-03-05</subfield>
    <subfield code="y">EN</subfield>
  </datafield>
  <datafield tag="952" ind1=" " ind2=" ">
    <subfield code="0">0</subfield>
    <subfield code="1">0</subfield>
    <subfield code="3">v 8</subfield>
    <subfield code="4">0</subfield>
    <subfield code="7">1</subfield>
    <subfield code="8">REF</subfield>
    <subfield code="a">L</subfield>
    <subfield code="b">L</subfield>
    <subfield code="d">2016-03-15</subfield>
    <subfield code="e">Cen Lib/Ret</subfield>
    <subfield code="g">200.00</subfield>
    <subfield code="l">0</subfield>
    <subfield code="o">954 IND</subfield>
    <subfield code="p">A-945810</subfield>
    <subfield code="r">2016-03-15 00:00:00</subfield>
    <subfield code="t">1</subfield>
    <subfield code="v">200.00</subfield>
    <subfield code="w">2016-03-15</subfield>
    <subfield code="y">EN</subfield>
  </datafield>
</record>
